Theory of Structures/ (Record no. 36738)

MARC details
000 -LEADER
fixed length control field 00679nam a22002057a 4500
008 - FIXED-LENGTH DATA ELEMENTS--GENERAL INFORMATION
fixed length control field 100621t xxu||||| |||| 00| 0 eng d
010 ## - LCCN (DPL NO)
LC control number B-389028
020 ## - INTERNATIONAL STANDARD BOOK NUMBER
International Standard Book Number 9788170086185
Terms of availability 290.00
035 ## - SYSTEM CONTROL NUMBER
System control number B-389028
037 ## - SOURCE OF ACQUISITION
Stock number UBH
Source of stock number/acquisition RP/CL/UBH/278/23-03-10
040 ## - CATALOGING SOURCE
Original cataloging agency dpl
Language of cataloging eng
082 ## - DEWEY DECIMAL CLASSIFICATION NUMBER
Classification number 624.17
100 ## - MAIN ENTRY--PERSONAL NAME
Personal name Punmia,B.C
245 ## - TITLE STATEMENT
Title Theory of Structures/
Statement of responsibility, etc by B.C.Punmia,Ashok Kumar Jain&Arun Kumar Jain
260 ## - PUBLICATION, DISTRIBUTION, ETC. (IMPRINT)
Place of publication, distribution, etc Delhi
Name of publisher, distributor, etc Laxmi Publishers
Date of publication, distribution, etc 2009
270 ## - ADDRESS
Address 113 Golden House Daryaganj
City delhi
Postal code 110002
300 ## - PHYSICAL DESCRIPTION
Extent xiv,647pgs
Other physical details 24cm
942 ## - ADDED ENTRY ELEMENTS (KOHA)
Source of classification or shelving scheme Dewey Decimal Classification
Item type English Books
Classification part 624.17
Call number suffix PUN
Holdings
Withdrawn status Lost status Source of classification or shelving scheme Damaged status Not for loan Home library Current library Date acquired Source of acquisition Cost, normal purchase price Total Checkouts Full call number Barcode Date last seen Cost, replacement price Koha item type Public note
    Dewey Decimal Classification     Central Library Central Library 23/03/2010 RP/CL 290.00   624.17 PUN B-389028 21/06/2010 290.00 English Books Legal Case (Register 2018)

© Delhi Public Library
Hit Counter
free hit counter